| 000 | 00487cam a2200193ua 4500 | ||
|---|---|---|---|
| 001 | 5373 | ||
| 008 | 120901n ii |||gr||||Z||||||eng | ||
| 020 | _a81-85274-92-4 | ||
| 040 | _cMAIN | ||
| 082 | _a828 | ||
| 100 | 1 |
_aWordsworth, _eAuthor, |
|
| 245 | 1 | 0 |
_aCritics on _cby Words Worth |
| 250 | _a1st. | ||
| 260 |
_aNew Delhi: _bUniversal Book stall, _c1994. |
||
| 300 |
_a114p: _c22cm. |
||
| 653 | _aEnglish miscellaneous writings | ||
| 700 | 1 |
_aCowell, Raymond, _eEditor, |
|
| 942 | _cBK | ||
| 999 |
_c4554 _d4554 |
||